judicial

Fundamentos y fines de la pena: una vision desde la dogmatica penal (Registro nro. 4514)

Detalles MARC
000 -LEADER
fixed length control field 006310000a22002290004500
001 - CONTROL NUMBER
control field old004522
003 - CONTROL NUMBER IDENTIFIER
control field AR-NuBCU
008 - FIXED-LENGTH DATA ELEMENTS--GENERAL INFORMATION
fixed length control field 070307s2008||||########|####|0||0||Es#u
020 ## - INTERNATIONAL STANDARD BOOK NUMBER
International Standard Book Number 978-603-45300-0-3
082 ## - DEWEY DECIMAL CLASSIFICATION NUMBER
Classification number 343.24 G 673
100 1# - MAIN ENTRY--PERSONAL NAME
Personal name Gorra, Daniel Gustavo
245 ## - TITLE STATEMENT
Title Fundamentos y fines de la pena: una vision desde la dogmatica penal
260 ## - PUBLICATION, DISTRIBUTION, ETC.
Place of publication, distribution, etc. Peru :
Name of publisher, distributor, etc. Ediciones Juridicas del Centro,
Date of publication, distribution, etc. 2008
300 ## - PHYSICAL DESCRIPTION
Extent 101 p.
Other physical details 23 cm
500 ## - GENERAL NOTE
General note INVENTARIO N° 005854
500 ## - GENERAL NOTE
General note 5854 INVENTARIO
653 ## - INDEX TERM--UNCONTROLLED
Uncontrolled term DERECHO PENAL
653 ## - INDEX TERM--UNCONTROLLED
Uncontrolled term PENA
653 ## - INDEX TERM--UNCONTROLLED
Uncontrolled term PENA-PRISION
653 ## - INDEX TERM--UNCONTROLLED
Uncontrolled term PRISION-PENA
942 ## - ADDED ENTRY ELEMENTS (KOHA)
Source of classification or shelving scheme Dewey Decimal Classification
Koha item type Book

No hay ítems disponibles.

-->
  •  poder judicial

    Con tecnología Koha